The Stories of Tenali Raman/ (Record no. 215255)

MARC details
000 -LEADER
fixed length control field 00548nam a22001817a 4500
005 - DATE AND TIME OF LATEST TRANSACTION
control field 20260302124518.0
010 ## - LCCN (DPL NO)
LC control number BACCHEN26
020 ## - INTERNATIONAL STANDARD BOOK NUMBER
International Standard Book Number 9789391824228
Terms of availability 450.00
037 ## - SOURCE OF ACQUISITION
Source of stock number/acquisition Shivani Book Agency
082 ## - DEWEY DECIMAL CLASSIFICATION NUMBER
Edition number 1
Classification number S
100 ## - MAIN ENTRY--PERSONAL NAME
Personal name Sharma, Ashutosh
245 ## - TITLE STATEMENT
Title The Stories of Tenali Raman/
Statement of responsibility, etc Ashutosh Sharma
250 ## - EDITION STATEMENT
Edition statement 1
260 ## - PUBLICATION, DISTRIBUTION, ETC. (IMPRINT)
Place of publication, distribution, etc Delhi
Name of publisher, distributor, etc Shivani Book Agency
Date of publication, distribution, etc 2025
270 ## - ADDRESS
Address A-55B Gali NO-6 Jagatpuri Extn.
City Delhi
Postal code 110093
Telephone number 09560228505
Electronic mail address shivanibookagency@gmail.com
300 ## - PHYSICAL DESCRIPTION
Extent 81p.
Dimensions 22cm(Hb)
942 ## - ADDED ENTRY ELEMENTS (KOHA)
Source of classification or shelving scheme Dewey Decimal Classification
Item type Children Books
Call number suffix SHA
Classification part S

No items available.


© Delhi Public Library
Hit Counter
free hit counter